Statystyki dla Stolice wysunięte najbardziej na południe

Kliknij tutaj aby rozwiązać quiz!

Ogólne statystyki

  • Ten quiz został rozwiązany 26 razy
  • Średni wynik to 5 z 6

Statystyki odpowiedzi

WspółrzędneStolica% Poprawnych
34°36′47″SBuenos Aires
95%
35°17′00″SCanberra
91%
41°17′11″SWellington
91%
33°27′24″SSantiago
86%
34°54′11″SMontevideo
77%
33°55′33″SKapsztad
73%

Rozkład punktacji

Percentyl według liczby udzielonych odpowiedzi

Procent ludzi z każdym wynikiem

Twoja historia wyników

Nie rozwiązałeś tego quizu